| 000 | 00312nam a2200097Ia 4500 | ||
|---|---|---|---|
| 008 | 220204s9999 xx 000 0 und d | ||
| 082 |
_aNR:338.26 _bREP |
||
| 245 | 0 | _aReport of the external committee to evaluate 12th plan scheme of Rubber Board, December 2016 | |
| 260 |
_aKottayam _bRubber Board _c2016 |
||
| 942 | _cBK | ||
| 999 |
_c44800 _d44800 |
||